[Event "SVK ECo-C Extraliga 2021-22"]
[Site "Slovakia"]
[Date "2022.03.13"]
[Round "6.7"]
[White "Csonka, Attila Istvan"]
[Black "Teglas, Balazs"]
[Result "1-0"]
[WhiteElo "2334"]
[BlackElo "2173"]
[Annotator "TA"]
[PlyCount "53"]
[EventDate "2021.10.21"]
[EventType "team-tourn"]
[EventCountry "SVK"]
[SourceTitle "playchess.com"]
[Source "ChessBase"]
[SourceQuality "1"]

{[%evp 16,53,67,64,57,53,72,27,46,33,20,28,39,-31,-33,-26,-35,-24,16,0,87,97,226,217,266,116,101,48,99,75,129,39,45,43,51,39,64,8,228,106]} 1. e4 c5 2. Nf3 Nc6 3. d4 cxd4 4. Nxd4 Qb6 5. Nb3 Nf6 6. Nc3 e6 7. Be3 Qc7 8. f4 d6 9. Qf3 a6 {B33: Sicilian: Pelikan and Sveshnikov Variations.} 10. O-O-O b5 11. Bd3 (11. g4 $1 $16) 11... Bb7 {White has an edge.} 12. g4 {[%cal Bg2g4,Bg4g5][%mdl 32]} Nb4 {White must now prevent ...d5.} 13. g5 Nxd3+ 14. cxd3 {[#]} ({White should play} 14. Rxd3 $14 Nd7 15. a3) 14... Nd5 $146 {...b4 is the strong threat.} ({Predecessor:} 14... Nxe4 15. dxe4 b4 16. Rd3 d5 17. Kb1 bxc3 18. Rxc3 Qd7 19. Nc5 dxe4 20. Qe2 Bxc5 21. Bxc5 {1-0 (41) Sandhoefner,F (2302)-Poetz,F (2427) Feistritz an der Drau 2014}) 15. Kb1 $1 (15. exd5 Bxd5 16. Qg4 b4 $17) 15... Nxc3+ 16. bxc3 d5 ({Don't take} 16... Qxc3 17. Bd4 Qc8 18. Rc1 $14) 17. Bd4 dxe4 (17... a5 $1 $11 {keeps the balance.}) 18. dxe4 $16 Bd6 {Prevents Be5.} (18... h6 $16) 19. Bxg7 $18 Rg8 {[#]} 20. Rxd6 $1 {[%mdl 512]} Qxd6 $16 21. Bf6 (21. Be5 $16 Qb6 22. Bd4) 21... Rc8 ({Better is} 21... b4 $1 $14) 22. Kb2 b4 {[#]} (22... Rg6 $142) 23. Rc1 (23. c4 $1 $16) 23... bxc3+ $14 (23... Rc4 $2 24. Rd1 bxc3+ 25. Ka1 $18 (25. Qxc3 Rxc3 26. Rxd6 Rc8 $14)) 24. Rxc3 Rxc3 25. Qxc3 ({Reject} 25. Bxc3 Qc6 $11) 25... Rg6 26. e5 {White is more active.} (26. Nc5 $14 Bc8 27. Be5) 26... Qd7 $2 {[#]} (26... Qb6 $11) 27. Qb4 {Weighted Error Value: White=0.35/Black=0.54} (27. Qh3 $1 $18 {[%cal Rh3h7]} Rxf6 28. gxf6) 1-0

[Event "SVK ECo-C Extraliga 2021-22"]
[Site "Slovakia"]
[Date "2022.03.13"]
[Round "6.7"]
[White "Zetocha, Adrian"]
[Black "Strachan, Jan"]
[Result "1-0"]
[WhiteElo "2243"]
[BlackElo "2115"]
[Annotator "TA"]
[PlyCount "117"]
[EventDate "2021.10.21"]
[EventType "team-tourn"]
[EventCountry "SVK"]
[SourceTitle "playchess.com"]
[Source "ChessBase"]
[SourceQuality "1"]

{[%evp 23,117,11,62,35,62,0,55,49,114,96,127,130,143,130,139,140,166,152,152,172,164,87,81,70,64,66,73,77,61,57,61,39,51,62,93,76,74,70,61,58,87,73,83,58,58,58,68,58,141,125,373,373,373,365,356,265,353,370,367,251,277,256,365,347,345,332,537,533,555,546,604,461,642,636,633,451,434,0,623,605,540,529,1213,1316,1395,1389,1244,1179,1902,1727,1534,1653,29983,29983,29984,29985]} 1. d4 Nf6 2. c4 c5 3. d5 e6 4. Nc3 exd5 5. cxd5 d6 6. e4 a6 7. a4 g6 8. Nf3 Bg7 9. Nd2 O-O 10. Be2 Re8 11. O-O Nbd7 12. Qc2 b6 (12... Ne5 $11) 13. Re1 {A77: Modern Benoni: Classical: 9...Re8 10 Nd2: 10...a6 and 10...Nbd7.} Bb7 14. f4 {[#]} ({White should try} 14. h3 $14) 14... Qb8 $146 ({Black should play} 14... c4 $11) ({Predecessor:} 14... Qc7 15. Nc4 Rab8 16. Bd2 Bc8 17. Ne3 Nf8 18. h3 Qe7 19. Bd3 Bd7 20. e5 dxe5 21. fxe5 Qxe5 {1-0 (52) Amos,B-Pratt,D Toronto 1972}) 15. Nf3 {White is slightly better.} Qc7 (15... c4 $14) 16. Bc4 $1 $16 b5 17. axb5 Nb6 {[#]} 18. Bf1 {[%cal Rb5a6]} c4 19. bxa6 Bxa6 20. h3 Nfd7 {[%cal Bf6d7,Bd7c5,Bc5b3][%mdl 32]} 21. Be3 Nc5 {[#]} 22. Bd4 (22. Qf2 $1 $18) 22... Nb3 23. Rad1 {Threatens to win with Bxg7.} Nxd4 24. Nxd4 Nd7 25. Qf2 Nc5 26. f5 Nd7 27. g4 Reb8 28. Nc6 {Pair of Knights!} Re8 29. g5 Ne5 30. f6 Bf8 31. Nd4 Qc5 32. Kg2 {[%cal Od4c6,Bg1g2,Bg2g3,Bg3f3,Bf3e3][%mdl 32]} Reb8 33. Kg3 Bc8 34. Rd2 {[%cal Od4c6]} Bd7 {Inhibits Nc6.} 35. Nf3 {aiming for Qxc5.} Qxf2+ {White now steadily converts the win.} (35... Qc8 $14) 36. Rxf2 Nxf3 $2 (36... Rb4 $16) 37. Kxf3 $18 Rb4 38. Ke3 Rab8 39. Rb1 Re8 40. h4 h6 41. Be2 Re5 42. Rg2 Bh3 (42... Re8 $142 43. Kd4 Rc8) 43. Rg3 Bd7 44. Kd4 Re8 $2 (44... Ba4 {might work better.} 45. Nxa4 Rxa4 46. Bxc4 Rb4) 45. Bxc4 {Active counter play!} Reb8 46. b3 Ra8 47. Rgg1 {[%cal Bg3g1,Bg1a1,Ba1a8][%mdl 32]} Rc8 48. Ra1 {[%cal Bb1a1,Ba1a5,Ba5a8][%mdl 32]} Rb7 49. Ba6 Rb4+ 50. Bc4 (50. Kd3 $142 Rcb8 51. Bc4) 50... Rb7 $1 51. Ra5 Re8 52. Rga1 Re5 53. Ra8 Rc7 54. Rd8 hxg5 55. hxg5 {Strongly threatening Raa8.} Re8 56. Raa8 Rxd8 57. Rxd8 Kh7 58. Rxf8 Be8 59. e5 {Weighted Error Value: White=0.35/Black=0.34} ({Inferior is} 59. Rxe8 Rxc4+ 60. Kd3 Rxc3+ 61. Kd4 Rc4+ 62. Ke3 Rc3+ 63. Kf4 Rf3+ 64. Kg4 Rg3+ 65. Kf4 Rf3+ 66. Kg4 Rg3+ 67. Kf4 Rf3+ $11) 1-0

[Event "SVK ECo-C Extraliga 2021-22"]
[Site "Slovakia"]
[Date "2022.03.13"]
[Round "6.7"]
[White "Spacek, Oliver"]
[Black "Straka, Jozef"]
[Result "0-1"]
[WhiteElo "2239"]
[BlackElo "2326"]
[Annotator "TA"]
[PlyCount "112"]
[EventDate "2021.10.21"]
[EventType "team-tourn"]
[EventCountry "SVK"]
[SourceTitle "playchess.com"]
[Source "ChessBase"]
[SourceQuality "1"]

{[%evp 10,112,67,39,46,37,33,14,27,20,27,29,39,34,33,46,33,-26,-43,-19,-22,-93,-86,-101,-81,-121,-119,-171,-175,-187,477,-13,0,-191,-190,-197,-197,-184,-186,-221,-216,-265,-260,-262,-235,-224,-229,-229,-222,-319,-224,-272,-272,-335,-308,-331,-308,-301,-301,-1306,-1268,-1262,-1258,-1150,-1137,-845,-745,-1343,-1339,-1238,-1062,-1285,-1266,-1285,-1236,-1190,-1072,-12834,-12835,-12835,-12835,-12835,-11046,-6287,-1571,-1559,-856,-12844,-12844,-12846,-12846,-12847,-12848,-12848,-12849,-12849,-12850,-27999,-27999,-27999,-27999,-27999,-27999,-27999,-27999]} 1. e4 e5 2. Nf3 Nc6 3. Bb5 a6 4. Ba4 Bc5 5. O-O Nge7 6. c3 (6. Nxe5 {seems wilder.} Nxe5 7. d4 Nf3+ 8. Qxf3 Bxd4 9. Rd1) 6... Ng6 {C64: Ruy Lopez: Classical Defence (3...Bc5) except 4 0-0 Nf6.} 7. d4 Ba7 8. Bxc6 dxc6 {The position is equal.} 9. Nxe5 Nxe5 10. dxe5 Qh4 11. Qf3 {[#]} Bg4 $146 ({Predecessor:} 11... Rg8 12. Be3 Bg4 13. Qf4 g5 14. Qf6 Bxe3 15. fxe3 Be6 16. Nd2 Rc8 17. g3 Qg4 {1-0 (44) Shahade,G (2476)-Csonka,B (2490) Chess.com INT 2021}) 12. Qf4 {[#] Threatens to win with h3.} Qh5 13. Qg5 (13. h3 $14 Bd7 14. Nd2) 13... Qxg5 $11 14. Bxg5 h6 15. Bh4 (15. Bc1 $11) 15... g5 $17 {[%mdl 1024] Black has strong compensation.} 16. Bg3 {[#]} O-O-O $1 17. Na3 Be2 $36 {[%mdl 2048] Black is really pushing. Black is more active.} 18. Rfe1 (18. Rfc1 $17 {was worth a try.}) 18... Rd2 $19 19. Rac1 Rdd8 $4 {[%mdl 8192]} 20. Ra1 $2 (20. Rxe2 $18 b5 21. Nc2) 20... Rd2 $2 (20... Bd3 $11) 21. Rac1 $1 {White is now going downhill.} Rxb2 22. Rc2 Rxc2 23. Nxc2 Bc4 24. a4 Rd8 25. h4 Rd3 {[%csl LRc3,LRg3] Prevents Nd4.} 26. Ne3 Bxe3 ({Don't go for} 26... Rxc3 $2 27. Nxc4 Rxc4 28. hxg5 hxg5 29. Ra1 $19) 27. Rxe3 Rxe3 28. fxe3 {[%mdl 4096] Endgame KB-KB} a5 29. Be1 (29. e6 $142) 29... c5 30. hxg5 hxg5 31. Bd2 Bb3 32. Kf2 Bxa4 33. e6 fxe6 {Strongly threatening ...b5.} 34. Kg3 $2 (34. c4) 34... Bd1 35. e5 Kd7 36. e4 g4 37. Kf4 c4 38. Bc1 c5 39. Kg5 b5 {[%cal Bb7b5,Bb5b4][%mdl 32] White must now prevent ...b4.} 40. Be3 Kc6 {And now ...a4 would win.} 41. Kf6 Bc2 42. Kxe6 Bxe4 43. g3 a4 44. Bc1 b4 45. Kf6 Kb5 46. e6 a3 47. Ke5 Bg6 48. Kd5 Ka4 49. cxb4 cxb4 50. Kxc4 b3 {( -> ...b2)} 51. Kc3 b2 52. Bxb2 axb2 53. Kxb2 Kb4 {Black mates.} 54. Kc1 Kc3 55. Kd1 Kd3 56. Ke1 Ke3 {Weighted Error Value: White=0.73/Black=0.30} 0-1

[Event "SVK ECo-C Extraliga 2021-22"]
[Site "Slovakia"]
[Date "2022.03.13"]
[Round "6.7"]
[White "Federic, Jozef"]
[Black "Zpevak, Pavel"]
[Result "0-1"]
[WhiteElo "2189"]
[BlackElo "2373"]
[Annotator "TA"]
[PlyCount "120"]
[EventDate "2021.10.21"]
[EventType "team-tourn"]
[EventCountry "SVK"]
[SourceTitle "playchess.com"]
[Source "ChessBase"]
[SourceQuality "1"]

{[%evp 11,120,-6,-2,-22,-16,-29,-18,-43,-51,-45,-54,-56,-34,-52,-37,-35,-54,-52,-54,-81,-31,-62,-62,-64,-63,-88,-76,-110,-71,-81,-83,-82,-75,-87,-85,-73,-72,-120,-37,-127,-127,-361,-352,-340,-344,-341,-261,-262,-262,-266,-227,-311,-302,-297,-214,-571,-549,-622,-460,-554,-554,-535,-483,-593,-572,-825,-382,-537,-529,-538,-538,-539,-537,-537,-537,-536,-535,-574,-483,-647,-647,-647,-638,-686,-647,-647,-647,-647,-637,-650,-647,-831,-593,-854,-1345,-786,-762,-29944,-8036,-2095,-2095,-29977,-7030,-29978,-29980,-29980,-29981,-29981,-29982,-29981,-29982]} 1. d4 Nf6 2. Nf3 e6 3. g3 b5 4. Bg2 Bb7 5. O-O c5 6. a4 b4 7. Nbd2 {A46: 1 d4 Nf6 2 Nf3 e6: Torre, London and Colle Systems.} cxd4 8. Nb3 Be7 9. Nbxd4 {The position is equal.} O-O 10. a5 Na6 11. Bd2 {[#]} Bd5 $146 ({Predecessor:} 11... Rc8 12. Qe1 Rc4 13. e3 Qa8 14. Qe2 Rfc8 15. Rfc1 Ne4 16. Ne5 Nxd2 17. Bxb7 Qxb7 18. Qxd2 {0-1 (52) Gagloshvili,R (2170)-Jurek,J (2285) Mlada Boleslav 1994}) 12. Ne5 Bxg2 13. Kxg2 Qc7 14. Nd3 Rfc8 15. c3 Rab8 ({Black should try} 15... bxc3 $17 16. Bxc3 Nd5) 16. Kg1 bxc3 17. Bxc3 Ne4 18. Be1 Qb7 {Black is much more active.} 19. Ra4 Nec5 20. Nxc5 Nxc5 21. Rb4 Qd5 {Hoping for ...e5.} 22. Rxb8 Rxb8 23. Bc3 Ne4 24. Qa4 {[#]} (24. Nf3 $142) 24... Rc8 (24... Bb4 $1 $17 {[%mdl 512]} 25. Qa1 Bxc3 26. bxc3 g6) 25. Rd1 ({Better is} 25. Nf3 $1 $15) 25... Rxc3 $40 {[%mdl 128] White is in trouble.} ({Don't play} 25... Nxc3 $6 26. bxc3 Rc4 27. Qb3 $11) 26. Nb5 $2 {White does not recover from this.} (26. bxc3 $17 {was the only chance.} Nxc3 27. Nc6 Qxc6 28. Qxc6 dxc6 29. Rd7) 26... Rc4 $19 27. Rxd5 Rxa4 28. Rxd7 Bf8 {White must now prevent ...Ra1+.} ({Inferior is} 28... Rxa5 29. Rxe7 Kf8 30. Rb7 $11) 29. Rxa7 g5 {...Bc5 is the strong threat.} 30. Ra8 Kg7 {And now ...Bc5 would win.} 31. a6 Bc5 32. e3 Rb4 33. Nc7 (33. a7 {is more resistant.} Bxa7 34. Nxa7) 33... Rxb2 34. Rc8 Ra2 {Strongly threatening ...g4.} 35. h4 gxh4 36. gxh4 Bb6 37. Ne8+ Kg6 38. Rc4 Nf6 (38... Nxf2 $142 39. Nd6 Bxe3) 39. Nd6 (39. h5+ {was necessary.} Nxh5 40. Rg4+ Kf5 41. Rg8) 39... Rxa6 {[%cal Ob6e3]} 40. Rc6 Ra1+ 41. Kg2 Bd8 42. Rc5 {Rg5+ would kill now.} h6 {Prevents Rg5+.} 43. Nc4 Kg7 44. Rb5 Ra7 45. Nd2 Ra2 46. Nc4 Ne4 {[%csl LRf2,LRh4]} 47. Kf3 Nd2+ 48. Nxd2 Rxd2 {[%mdl 4096] Endgame KRB-KR} 49. Rb4 Ra2 50. Kg3 Ba5 51. Rg4+ Kf8 52. f3 Bc7+ 53. f4 Ra3 54. Kf2 Bb6 55. Rg3 Ke7 {( -> ...Kf6)} 56. Ke2 {[#]} Kf6 (56... Rxe3+ $142 $1 57. Rxe3 Bxe3 58. Kxe3 Kf6 59. h5 Kf5 60. Kf3 f6 61. Ke3 Kg4 62. Ke4 Kg3 63. f5 e5 64. Kd5 Kg4 65. Ke6 Kg5 66. Kd5 Kxf5 67. Kc5 e4 68. Kd4 Kf4 69. Kc4 e3 70. Kd3 Kf3 71. Kc3 e2 72. Kd2 Kf2 73. Kd3 e1=Q 74. Kc4 Qa5 75. Kb3 Ke3 76. Kc4 Ke4 77. Kb3 Kd3 78. Kb2 Qb5+ 79. Ka2 Kc2 80. Ka3 Qb3#) 57. Rf3 {[#]} Rxe3+ $1 {Black mates.} 58. Rxe3 Bxe3 59. Kxe3 Kf5 60. Kf3 h5 {Weighted Error Value: White=0.58/Black=0.25 (precise)} 0-1

[Event "SVK ECo-C Extraliga 2021-22"]
[Site "Slovakia"]
[Date "2022.03.13"]
[Round "6.7"]
[White "Macko, Michal"]
[Black "Jurcisin, Imrich"]
[Result "1-0"]
[WhiteElo "2161"]
[BlackElo "2076"]
[Annotator "NA"]
[PlyCount "67"]
[EventDate "2021.10.21"]
[EventType "team-tourn"]
[EventCountry "SVK"]
[SourceTitle "playchess.com"]
[Source "ChessBase"]
[SourceQuality "1"]
[TimeControl "40/5400+30:1800+30"]

1. e4 {[%emt 0:00:13]} d5 {[%emt 0:08:07]} 2. exd5 {[%emt 0:00:10]} Nf6 {[%emt 0:00:04]} 3. d4 {[%emt 0:00:09]} Nxd5 {[%emt 0:00:04]} 4. c4 {[%emt 0:00:06]} Nb4 {[%emt 0:00:09]} 5. a3 {[%emt 0:01:21]} N4c6 {[%emt 0:00:55]} 6. d5 {[%emt 0:05:28]} Ne5 {[%emt 0:02:00]} 7. Bf4 {[%emt 0:02:38]} Ng6 {[%emt 0:04:38]} 8. Be3 {[%emt 0:00:11]} e5 {[%emt 0:00:27]} 9. Be2 {[%emt 0:01:52]} Nd7 {[%emt 0:01:12]} 10. Nf3 {[%emt 0:00:22]} Bd6 {[%emt 0:03:50]} 11. Nc3 {[%emt 0:02:35]} O-O {[%emt 0:01:01]} 12. b4 {[%emt 0:00:34]} b6 {[%emt 0:00:51]} 13. O-O {[%emt 0:17:52]} Nh4 {[%emt 0:07:37]} 14. Nxh4 {[%emt 0:11:49]} Qxh4 {[%emt 0:02:26]} 15. f3 {[%emt 0:00:06]} f5 {[%emt 0:03:06]} 16. Qd2 {[%emt 0:05:54]} e4 {[%emt 0:11:39]} 17. f4 {[%emt 0:00:18]} g5 {[%emt 0:06:22]} 18. g3 {[%emt 0:02:02]} Qh3 {[%emt 0:02:21]} 19. Rf2 {[%emt 0:00:23]} gxf4 {[%emt 0:09:49]} 20. gxf4 {[%emt 0:03:52]} Rf6 {[%emt 0:00:21]} 21. Bf1 {[%emt 0:10:06]} Rg6+ {[%emt 0:01:24]} 22. Kh1 {[%emt 0:01:08]} Qh4 {[%emt 0:04:02]} 23. Nb5 {[%emt 0:04:26]} Nf6 {[%emt 0:02:31]} 24. c5 {[%emt 0:00:13]} Nh5 {[%emt 0:09:20]} 25. Bg2 {[%emt 0:03:46]} Ba6 {[%emt 0:12:16]} 26. cxd6 {[%emt 0:07:04]} Bxb5 {[%emt 0:01:04]} 27. dxc7 {[%emt 0:02:02]} Rh6 {[%emt 0:04:45]} 28. Kg1 {[%emt 0:00:20]} Ng3 {[%emt 0:01:23]} 29. h3 {[%emt 0:00:17]} Rd6 {[%emt 0:00:21]} 30. Bc5 {[%emt 0:10:19]} bxc5 {[%emt 0:00:34]} 31. bxc5 {[%emt 0:00:04]} Rd7 {[%emt 0:00:45]} 32. d6 {[%emt 0:00:16]} Qf6 {[%emt 0:00:31]} 33. Qd5+ {[%emt 0:00:26]} Qf7 {[%emt 0:00:32]} 34. Qxa8+ {[%emt 0:00:07]} 1-0

[Event "SVK ECo-C Extraliga 2021-22"]
[Site "Slovakia"]
[Date "2022.03.13"]
[Round "6.8"]
[White "Veres, Andrej"]
[Black "Machata, Martin"]
[Result "1/2-1/2"]
[WhiteElo "2185"]
[BlackElo "2213"]
[Annotator "ChessBase"]
[PlyCount "43"]
[EventDate "2021.10.21"]
[EventType "team-tourn"]
[EventCountry "SVK"]
[SourceTitle "playchess.com"]
[Source "ChessBase"]
[SourceQuality "1"]
[TimeControl "40/5400+30:1800+30"]

1. d4 {[%emt 0:00:08]} Nf6 {[%emt 0:00:18]} 2. Nf3 {[%emt 0:00:34]} g6 {[%emt 0:00:31]} 3. c4 {[%emt 0:04:30]} c5 {[%emt 0:00:58]} 4. d5 {[%emt 0:00:48]} b5 {[%emt 0:00:03]} 5. cxb5 {[%emt 0:03:29]} a6 {[%emt 0:00:03]} 6. b6 {[%emt 0:02:57]} Qxb6 {[%emt 0:00:56]} 7. Nc3 {[%emt 0:01:44]} d6 {[%emt 0:04:35]} 8. g3 {[%emt 0:01:22]} Bg7 {[%emt 0:01:08]} 9. Bg2 {[%emt 0:01:06]} a5 {[%emt 0:06:44]} 10. Nd2 {[%emt 0:03:46]} Ba6 {[%emt 0:07:55]} 11. Rb1 {[%emt 0:10:12]} Nbd7 {[%emt 0:01:42]} 12. b3 {[%emt 0:09:58]} O-O {[%emt 0:05:57]} 13. Qc2 {[%emt 0:05:10]} Rfb8 {[%emt 0:04:19]} 14. O-O {[%emt 0:03:58]} Ne5 {[%emt 0:08:54]} 15. Nc4 {[%emt 0:07:30]} Nxc4 {[%emt 0:08:53]} 16. bxc4 {[%emt 0:00:12]} Qc7 {[%emt 0:05:04]} 17. Nb5 {[%emt 0:11:45]} Bxb5 {[%emt 0:00:30]} 18. Rxb5 {[%emt 0:00:30]} Rxb5 {[%emt 0:04:00]} 19. cxb5 {[%emt 0:00:10]} a4 {[%emt 0:01:11]} 20. Bg5 {[%emt 0:01:11]} h6 {[%emt 0:05:40]} 21. Bxf6 {[%emt 0:02:00]} Bxf6 {[%emt 0:00:30]} 22. Rb1 {[%emt 0:06:46]} 1/2-1/2

[Event "SVK ECo-C Extraliga 2021-22"]
[Site "Slovakia"]
[Date "2022.03.13"]
[Round "6.8"]
[White "Harvan, Richard"]
[Black "Kusiak, Matej"]
[Result "0-1"]
[WhiteElo "2115"]
[BlackElo "2251"]
[Annotator "TA"]
[PlyCount "60"]
[EventDate "2021.10.21"]
[EventType "team-tourn"]
[EventCountry "SVK"]
[SourceTitle "playchess.com"]
[Source "ChessBase"]
[SourceQuality "1"]

{[%evp 10,60,-12,-27,-19,-20,1,-3,18,6,37,0,0,0,0,0,35,38,22,21,41,43,25,30,56,54,42,39,187,40,49,15,22,-4,0,-35,-30,-101,-118,-113,-118,-122,-123,-137,-115,-181,-118,-174,-136,-150,-130,-314,-156]} 1. c4 e6 2. e4 d5 3. cxd5 exd5 4. exd5 Nf6 5. Nc3 Nxd5 6. Bc4 Nb6 {Active counter play! C00: French: Unusual White 2nd moves.} 7. Bb3 Be7 8. Nge2 Bf5 {The position is equal.} 9. d4 O-O 10. O-O (10. Ng3 $5 {[%cal Rg3f5]} Bg6 11. f4 $11) 10... Nc6 11. Bf4 {[#]} Bd6 $146 ({Predecessor:} 11... Bf6 12. d5 Ne7 13. Bg3 h5 14. h3 Qd7 15. Qd2 h4 16. Bh2 Ng6 17. Nd4 Ne7 18. Rfd1 {1-0 (54) Munoz Garcia,F (1867)-Diaz Charpentier,K (1753) San Jose 2020}) 12. d5 Ne7 13. Rc1 Bxf4 14. Nxf4 Qd6 15. Qf3 a6 {To avoid Nb5} 16. Rfe1 {Strongly threatening g4.} Rad8 17. h3 h6 18. Rcd1 Rd7 {[#]} ({Black should play} 18... Nd7 $14) 19. Ne4 (19. Ne6 $1 $18 {[%cal Re6f8][%mdl 512]}) 19... Bxe4 $14 20. Qxe4 {[%cal Of4e6]} Qf6 $1 {Prevents Ne6.} 21. Bc2 {[%csl Gc2][%cal Re4h7]} g6 22. b3 Rfd8 {[%cal Re7d5]} 23. Rd3 (23. Nd3 $11 {keeps the balance.}) 23... Nbxd5 $17 24. Nxd5 Nxd5 25. Red1 {[%cal Rd3d5]} c6 26. Rf3 Qg7 27. Qg4 (27. a3 $17) 27... Re7 (27... Qb2 $19 28. Bd3 Qxa2) 28. h4 (28. b4 $17) 28... h5 29. Qg5 {[%cal Og5e7] Hoping for Qxe7!} Rde8 {White must now prevent ...Qb2.} 30. Rg3 $2 (30. Bd3 $17 {was called for.}) 30... Nc3 {Weighted Error Value: White=0.32/Black=0.21 (precise)} (30... Re1+ $19 31. Kh2 R1e5) 0-1

[Event "SVK ECo-C Extraliga 2021-22"]
[Site "Slovakia"]
[Date "2022.03.13"]
[Round "6.8"]
[White "Berta, Sandor"]
[Black "Finek, Vaclav"]
[Result "0-1"]
[WhiteElo "2054"]
[BlackElo "2419"]
[Annotator "TA"]
[PlyCount "48"]
[EventDate "2021.10.21"]
[EventType "team-tourn"]
[EventCountry "SVK"]
[SourceTitle "playchess.com"]
[Source "ChessBase"]
[SourceQuality "1"]

{[%evp 15,48,-27,-26,-64,-65,-71,-69,-82,-85,-92,-88,-85,-77,-158,-176,-175,-169,-180,-185,-187,-186,-206,-195,-343,-325,-452,-475,-519,-518,-510,-493,-1047,-1037,-1017,-956]} 1. Nf3 d5 2. g3 Nf6 3. Bg2 g6 4. O-O Bg7 5. d4 O-O 6. c4 c6 7. Nc3 dxc4 8. e4 Bg4 9. e5 {D78: Fianchetto Grünfeld: 6 0-0 c6.} Nd5 10. Ne4 {[#]} Nd7 $146 ({Predecessor:} 10... f6 11. exf6 Nxf6 12. Neg5 h6 13. Nh3 Nbd7 14. Nf4 Kh7 15. Qc2 Bf5 16. Qxc4 Nb6 {1-0 (32) Goetzfried,A (1893)-Helmich,J (1704) Ditzingen 2015}) 11. h3 {Black is slightly better.} Bf5 12. Qe2 b5 13. Rd1 Qb6 14. g4 (14. Nfg5 $142) 14... Bxe4 $17 15. Qxe4 {[#]} e6 $1 16. Be3 c5 {[%cal Bc6c5,Bc5d4,Bd4e3][%mdl 32]} 17. Rac1 Rac8 18. g5 Rfd8 19. Nh2 (19. Bf1 $142) 19... Nxe3 $19 20. fxe3 cxd4 {Black is clearly winning.} 21. Ng4 Nc5 22. Qf3 Nd3 23. Nf6+ (23. Rf1 $142 Rc7 24. Rcd1) 23... Bxf6 24. gxf6 dxe3 {Black took control after the opening.  Weighted Error Value: White=0.62/Black=0.01 (flawless)} 0-1

[Event "SVK ECo-C Extraliga 2021-22"]
[Site "Slovakia"]
[Date "2022.03.13"]
[Round "6.8"]
[White "Sankova, Stella"]
[Black "Gzib, David"]
[Result "1/2-1/2"]
[WhiteElo "2054"]
[BlackElo "2030"]
[Annotator "NA"]
[PlyCount "73"]
[EventDate "2021.10.21"]
[EventType "team-tourn"]
[EventCountry "SVK"]
[SourceTitle "playchess.com"]
[Source "ChessBase"]
[SourceQuality "1"]
[TimeControl "40/5400+30:1800+30"]

1. e4 c5 2. Nf3 d6 3. Bb5+ Nd7 4. d4 cxd4 5. Qxd4 a6 6. Bxd7+ Bxd7 7. c4 Nf6 8. Bg5 h6 9. Bh4 Qa5+ 10. Nc3 g5 11. Bg3 Bg7 12. Qd3 Bc6 13. O-O O-O 14. Nd4 Nd7 15. Rfd1 Qb6 16. Nf5 Rfe8 17. Qe2 Nf6 18. h4 Bd7 19. Ne3 Bc6 20. Nf5 {[%emt 1:16:46]} Bd7 {[%emt 1:11:44]} 21. Ne3 {[%emt 0:02:11]} Bc6 {[%emt 0:02:39]} 22. e5 {[%emt 0:05:52]} dxe5 {[%emt 0:04:39]} 23. Bxe5 {[%emt 0:00:06]} Qa5 {[%emt 0:04:44]} 24. Ned5 {[%emt 0:04:23]} Nxd5 {[%emt 0:03:34]} 25. Nxd5 {[%emt 0:01:48]} e6 {[%emt 0:06:15]} 26. Nf6+ {[%emt 0:00:30]} Bxf6 {[%emt 0:00:30]} 27. Bxf6 {[%emt 0:00:30]} Qf5 {[%emt 0:00:47]} 28. hxg5 {[%emt 0:01:13]} hxg5 {[%emt 0:00:37]} 29. Qe5 {[%emt 0:04:13]} Qxe5 {[%emt 0:02:16]} 30. Bxe5 {[%emt 0:00:01]} Kh7 {[%emt 0:01:16]} 31. f3 {[%emt 0:04:17]} Kg6 {[%emt 0:01:02]} 32. Kf2 {[%emt 0:01:13]} Rad8 {[%emt 0:01:00]} 33. Bc7 {[%emt 0:01:11]} Rxd1 {[%emt 0:00:35]} 34. Rxd1 {[%emt 0:00:01]} Re7 {[%emt 0:01:33]} 35. Bd6 {[%emt 0:01:39]} Rd7 {[%emt 0:01:16]} 36. Ke3 {[%emt 0:00:41]} f6 {[%emt 0:02:00]} 37. b3 {[%emt 0:01:47]} 1/2-1/2

[Event "SVK ECo-C Extraliga 2021-22"]
[Site "Slovakia"]
[Date "2022.03.13"]
[Round "6.8"]
[White "Blaho, Stefan"]
[Black "Franzen, Jozef"]
[Result "1-0"]
[WhiteElo "2045"]
[BlackElo "2217"]
[Annotator "TA"]
[PlyCount "51"]
[EventDate "2021.10.21"]
[EventType "team-tourn"]
[EventCountry "SVK"]
[SourceTitle "playchess.com"]
[Source "ChessBase"]
[SourceQuality "1"]

{[%evp 22,51,23,11,19,33,109,108,108,83,80,69,391,380,362,356,355,350,399,402,485,483,476,472,616,607,687,680,1496,1297,1451,1396]} 1. d4 Nf6 2. Bf4 d6 3. e3 g6 4. h3 Bg7 5. Nf3 O-O 6. Be2 Nbd7 7. O-O b6 8. Nbd2 Bb7 9. c3 c5 10. a4 a6 11. Qb3 Qc7 12. Bh2 Rae8 {A48: 1 d4 Nf6 2 Nf3 g6: Torre, London and Colle Systems.} 13. Rfd1 {[#]} Ne4 $146 (13... cxd4 $14 14. cxd4 Bd5) ({Predecessor:} 13... Qc6 14. Bf1 h6 15. Nc4 Qc7 16. Be2 Bd5 17. dxc5 Qxc5 18. Qa3 Qc8 19. Ncd2 Qb7 {½-½ (36) Vetrovsky,M (2241)-Studnicka,T (2358) Prague 2013}) 14. Nxe4 $16 Bxe4 {White is better.} 15. Ng5 Bb7 {[#]} 16. Bc4 $1 {White is much more active. Black has bad knights.} Qc6 $2 {[%mdl 8192]} (16... e6 $14) 17. Bxf7+ $18 Kh8 {[%csl Gb7][%cal Rc6g2]} 18. d5 Qc8 19. Bxe8 Qxe8 20. Ne6 Qf7 21. Nxf8 {White is clearly winning.} Qxf8 22. c4 Qf5 23. a5 {[%cal Ba4a5,Ba5a6][%mdl 32]} b5 24. cxb5 axb5 25. a6 Ba8 26. Qxb5 {White took control after the opening.  Weighted Error Value: White=0.05 (flawless) /Black=1.05} 1-0